000 00446nam a2200145Ia 4500
008 220326s9999||||xx |||||||||||||| ||und||
020 _a979-3695-42-0
084 _a10194 MUL Gov Bo.2a
100 _aM. R. Khairul Muluk
245 0 _aDesentralisasi dan Pemerintahan Daerah
260 _aMalang
_bBayu Media
_c2006
300 _ax + 166 halaman
650 _aGovernment (Pemerintahan)
_eG-O-V
_yDesentralisasi dan Pemerintahan Daerah
942 _cBK
999 _c12860
_d12860